00574nam a2200169 a 4500008004100000020002200041100003200063245012500095260004400220300003200264500002000296650002000316700004100336003000100377005001700378040000900395  a0435655256 (pbk.)1 aJohnstone, Alexander Henry.10aEnergy, chaos, and chemical change :bconcepts and applications of chemical thermodynamics /c A. H. Johnstone, G. Webb. aLondon :bHeinemann Educational,c1977. ax, 110 p. :bill. ;c22 cm. aIncludes index. 0aThermodynamics.1 aWebb, Geoffrey Clive,ejoint author.20230123133127.0 cNUST